000 00558nam a2200217Ia 4500
003 OSt
005 20220928144048.0
006 a|||||r|||| 00| 0
007 ta
008 220927b |||||||| |||| 00| 0 eng d
024 _a23923
037 _cTextual
040 _aSDCL
_cSDCL
_beng
041 _2eng
_aeng
082 _aQ1:24:g, L9
100 _aLala Sreeram Tr.
_9506613
245 0 _aMetaphysics of the upanishads or vichar sagar.
260 _c1979
942 _hQ1:24:g, L9
_cTEXL
_2CC
999 _c825851
_d825851